The blue sword /

Պահպանված է:
Մատենագիտական մանրամասներ
Հիմնական հեղինակ: McKinley, Robin
Ձևաչափ: Գիրք
Լեզու:English
Հրապարակվել է: London : Orbit, 1985, c1982.
Շարք:McKinley, Robin. Chronicles of Damar.
Խորագրեր:
LEADER 01202cam a2200337 a 4500
001 c000270020
003 CARM
005 20070830153811.0
008 870429r19851982enk 000 1 eng d
015 |a b8725170 
019 1 |a 5362581  |5 LACONCORD2021 
020 |a 0708881556 (pbk) :  |c £2.50 
035 |a (OCoLC)16083674  |5 LACONCORD2021 
040 |a BNB  |b eng  |c BNB  |d ADFA 
050 1 4 |a PS3563.A315  |b B55 1985 
082 0 4 |a 813/.54  |2 19 
082 0 4 |a 813/54 
100 1 |a McKinley, Robin. 
245 1 4 |a The blue sword /  |c Robin McKinley. 
260 |a London :  |b Orbit,  |c 1985, c1982. 
300 |a 272 p. ;  |c 18cm. 
490 1 |a The Chronicles of Damar 
500 |a Fiction in English. American writers,. 1945- - Texts (BNB/PRECIS) 
500 |a Originally published: New York : Greenwillow, 1982 ; London : MacRae, 1983. 
650 0 |a Fantasy. 
650 0 |a Good and evil 
650 0 |a Women in combat 
800 1 |a McKinley, Robin.  |t Chronicles of Damar. 
852 8 |b CARM  |h A1:AM18A0  |i A04770  |p 0390268  |f BK 
999 f f |i 1146cfed-731d-557e-b616-b4e3a7162daa  |s e5832931-86d8-55f9-8685-1118d2e51e50 
952 f f |p Can circulate  |a CAVAL  |b CAVAL  |c CAVAL  |d CARM 1 Store  |e A04770  |f A1:AM18A0  |h Other scheme  |i book  |m 0390268